[Event "VIE-chT"]
[Site "Hanoi"]
[Date "2023.04.18"]
[Round "2"]
[White "Dau, Khuong Duy"]
[Black "Dam, Quoc Bao"]
[Result "1-0"]
[WhiteElo "2234"]
[BlackElo "1335"]
[PlyCount "71"]
[EventDate "2023.04.18"]
[EventType "swiss"]
[EventRounds "9"]
[EventCountry "VIE"]
[SourceTitle "EXT 2024"]
[Source "ChessBase"]
[SourceDate "2023.10.10"]
[SourceVersion "1"]
[SourceVersionDate "2023.10.10"]
[SourceQuality "1"]

1. e4 d6 2. d4 c6 3. c3 Qc7 4. Bd3 e5 5. Ne2 Bg4 6. f3 Bh5 7. Be3 Nd7 8. Nd2 Ngf6 9. Qc2 d5 10. 0-0-0 Bd6 11. Kb1 dxe4 12. Nxe4 Nxe4 13. Bxe4 Nf6 14. dxe5 Bxe5 15. g4 Nxe4 16. gxh5 Nd6 17. Bg5 f6 18. f4 fxg5 19. fxe5 Nc4 20. Qe4 Nxe5 21. Rhf1 Rf8 22. Rxf8+ Kxf8 23. Qxh7 Qf7 24. Ng3 g4 25. Ne4 Nf3 26. h6 gxh6 27. Qxh6+ Qg7 28. Qf4+ Kg8 29. Rd7 Qg6 30. Rd6 Qg7 31. Nf6+ Kh8 32. Qf5 Ng5 33. Rd7 Qh6 34. Nxg4 Qe6 35. Rh7+ Kg8 36. Nh6+ 1-0

[Event "VIE-ch U13"]
[Site "Ho Chi Minh City"]
[Date "2022.07.13"]
[Round "4"]
[White "Dam, Quoc Bao"]
[Black "Nguyen, Anh Huy"]
[Result "1-0"]
[WhiteElo "2319"]
[BlackElo "2312"]
[PlyCount "123"]
[EventDate "2022.07.11"]
[EventType "swiss"]
[EventRounds "9"]
[EventCountry "VIE"]
[SourceTitle "EXT 2023"]
[Source "ChessBase"]
[SourceDate "2022.10.05"]
[SourceVersion "1"]
[SourceVersionDate "2022.10.05"]
[SourceQuality "1"]

1. d4 Nf6 2. Bf4 d5 3. e3 e6 4. Nf3 Nbd7 5. Nbd2 Bd6 6. Bg3 Qe7 7. c4 Bxg3 8. hxg3 c6 9. Bd3 b6 10. cxd5 exd5 11. Qc2 Bb7 12. a3 0-0-0 13. 0-0-0 g6 14. Rhe1 Kb8 15. e4 dxe4 16. Nxe4 Nxe4 17. Bxe4 Qf6 18. Kb1 Rhe8 19. Qd2 Re7 20. Re2 Rde8 21. Rde1 Qd6 22. g4 Nf6 23. Ne5 Nxe4 24. Rxe4 f6 25. Nc4 Qc7 26. Rxe7 Rxe7 27. Rxe7 Qxe7 28. Qf4+ Ka8 29. Qd6 Qe4+ 30. Ka2 Qxg4 31. Qxf6 c5 32. Qd8+ Qc8 33. Qxc8+ Bxc8 34. dxc5 Be6 35. b3 Bxc4 36. bxc4 bxc5 37. Kb3 Kb7 38. Kc3 Kc6 39. Kd3 Kd6 40. Ke4 Ke6 41. a4 a5 42. g3 g5 43. g4 Kd6 44. Kf5 h6 45. f3 Ke7 46. Kg6 Ke6 47. Kxh6 Ke5 48. Kxg5 Kd4 49. f4 Kxc4 50. f5 Kb3 51. f6 c4 52. f7 c3 53. f8Q c2 54. Qf1 Kb2 55. Kf4 c1Q+ 56. Qxc1+ Kxc1 57. g5 Kb2 58. g6 Kb3 59. g7 Kxa4 60. g8Q Ka3 61. Qg1 Kb2 62. Qb6+ 1-0

[Event "VIE-ch U13"]
[Site "Hanoi"]
[Date "2022.06.15"]
[Round "6"]
[White "Nguyen, Xuan Truong"]
[Black "Dam, Quoc Bao"]
[Result "1/2-1/2"]
[WhiteElo "2332"]
[BlackElo "2376"]
[PlyCount "35"]
[EventDate "2022.06.11"]
[EventType "swiss"]
[EventRounds "9"]
[EventCountry "VIE"]
[SourceTitle "EXT 2023"]
[Source "ChessBase"]
[SourceDate "2022.10.05"]
[SourceVersion "1"]
[SourceVersionDate "2022.10.05"]
[SourceQuality "1"]

1. e4 c6 2. d4 d6 3. Nf3 Qc7 4. Bd3 e5 5. 0-0 Bg4 6. dxe5 dxe5 7. Be3 Nf6 8. Nbd2 Nbd7 9. h3 Bh5 10. c3 Bc5 11. Bxc5 Nxc5 12. Bc2 Rd8 13. Qe2 0-0 14. Rfe1 Ne6 15. Nc4 Nf4 16. Qe3 Bxf3 17. Qxf3 b5 18. Ne3 1/2-1/2

[Event "VIE-ch U13"]
[Site "Hanoi"]
[Date "2022.06.12"]
[Round "2"]
[White "Tran, Dai Loi"]
[Black "Dam, Quoc Bao"]
[Result "1-0"]
[WhiteElo "2345"]
[BlackElo "2376"]
[PlyCount "59"]
[EventDate "2022.06.11"]
[EventType "swiss"]
[EventRounds "9"]
[EventCountry "VIE"]
[SourceTitle "EXT 2023"]
[Source "ChessBase"]
[SourceDate "2022.10.05"]
[SourceVersion "1"]
[SourceVersionDate "2022.10.05"]
[SourceQuality "1"]

1. e4 d6 2. d4 c6 3. Bd3 Qc7 4. Be3 e5 5. c3 Nf6 6. Nf3 Bg4 7. Nbd2 Nbd7 8. h3 Bh5 9. Qc2 Be7 10. g4 Bg6 11. 0-0-0 h6 12. dxe5 dxe5 13. Nh4 Bxe4 14. Nxe4 Nxe4 15. Nf5 Nd6 16. Nxg7+ Kf8 17. Nf5 Nxf5 18. Bxf5 Nf6 19. g5 hxg5 20. Bxg5 Nd5 21. h4 f6 22. Be3 b5 23. h5 Qa5 24. Kb1 Rb8 25. Be6 Nc7 26. b4 Bxb4 27. cxb4 Qxb4+ 28. Bb3 Na6 29. Qg6 Qe7 30. Rd6 1-0

[Event "VIE-ch U11"]
[Site "Hanoi"]
[Date "2020.??.??"]
[Round "1"]
[White "Nguyen, Vuong Tung Lam"]
[Black "Dam, Quoc Bao"]
[Result "1-0"]
[WhiteElo "1633"]
[BlackElo "2331"]
[PlyCount "129"]
[EventDate "2020.10.22"]
[EventType "swiss"]
[EventRounds "7"]
[EventCountry "VIE"]
[SourceTitle "EXT 2022"]
[Source "ChessBase"]
[SourceDate "2021.10.06"]
[SourceVersion "1"]
[SourceVersionDate "2021.10.06"]
[SourceQuality "1"]

1. d4 d6 2. Nf3 c6 3. g3 Nf6 4. Bg2 Qc7 5. 0-0 Bg4 6. c4 Nbd7 7. Nc3 e5 8. dxe5 dxe5 9. Qc2 Be7 10. Rd1 0-0 11. a3 Be6 12. b3 Rfd8 13. Bb2 h6 14. Nh4 Rac8 15. Nf5 Bxf5 16. Qxf5 Qb6 17. Qc2 Ng4 18. e3 a5 19. Na4 Qc7 20. c5 Ngf6 21. Bh3 Rb8 22. b4 axb4 23. axb4 b6 24. Ba3 bxc5 25. Nxc5 Nxc5 26. bxc5 Rxd1+ 27. Rxd1 Rd8 28. Bg2 Nd5 29. Qa4 Nc3 30. Rxd8+ Qxd8 31. Qc2 Nd5 32. Qd2 Qa8 33. Qb2 Qa5 34. Bxd5 cxd5 35. Qxe5 Bxc5 36. Qe8+ Kh7 37. Bxc5 Qxc5 38. Qxf7 d4 39. Qe6 dxe3 40. fxe3 Qc1+ 41. Kg2 Qd2+ 42. Kh3 Qe2 43. Qf5+ Kh8 44. e4 Qd3 45. Kh4 Qd8+ 46. Kh3 Qd3 47. Qf8+ Kh7 48. Qf5+ Kh8 49. Qf4 Qd7+ 50. Qg4 Qd3 51. Qf5 Kg8 52. Qd5+ Qxd5 53. exd5 Kf7 54. Kg4 Kf6 55. Kf4 g5+ 56. Ke4 h5 57. h3 h4 58. g4 Kg6 59. Ke5 Kf7 60. d6 Kf8 61. Kf6 Ke8 62. Ke6 Kd8 63. d7 Kc7 64. Ke7 Kc6 65. d8Q 1-0